Quick Pick: Body Fluids Quiz Stats

Quiz Updated Nov 10, 2017

Challenge
Share
Tweet
Embed
Score 0/8 Timer 01:00
0 Plays Today
% Correct
Stomach
91.4%
Kidneys
89.5%
Choroid plexus|Brain
86.6%
Eccrine gland
85.7%
Pancreas
85.3%
Bone Marrow
83.5%
Lacrimal gland
80.7%
Liver
75.2%

Today's Daily Dose

You're not logged in!

Compare scores with friends on all Sporcle quizzes.
Join for Free
OR
Log In

You Might Also Like...

Show Comments

Extras

Top Quizzes Today


Score Distribution

Your Account Isn't Verified!

In order to create a playlist on Sporcle, you need to verify the email address you used during registration. Go to your Sporcle Settings to finish the process.

Report this User

Report this user for behavior that violates our Community Guidelines.

Details: